[Моторхед] Motorhead в студиото (Запис номер 168934)
[ съкратено ]
| 000 -Лидер | |
|---|---|
| Контролно поле с фиксирана дължина | 01841nam a2200433 c 4500 |
| 003 - Код на организацията, давaща контролен номер | |
| Контролно поле | BLK |
| 005 - Дата и час на последна редакция | |
| Контролно поле | 20180422114305.0 |
| 008 - Елементи от данни с фиксирана дължина | |
| fixed length control field | 180411b bul|||||r ||||||| ||bul|| |
| 010 ## - Наследен системен номер | |
| LC control number | KNG00176891000 |
| 020 ## - Международен стандартен номер на книга ISBN | |
| Международен стандартен номер на книга ISBN | 978-954-70120-2-6 |
| -- | издат.: Addix |
| 020 ## - Международен стандартен номер на книга ISBN | |
| Международен стандартен номер на книга ISBN | 978-619-7012-02-6 |
| -- | издат.: Addix - (на кор.) |
| 040 ## - Източник на каталожния запис | |
| Идентификатор на билиотеката - собственик на записа | BLK |
| 041 ## - Код за език | |
| Код за езика на текст/звукозапис или на отделно заглавие | Български |
| Код за езика КДБФ | Български |
| 072 #7 - Код за тематичната категория | |
| Код организация | bullib |
| Код за тематична категория | Н70 |
| Текст | Изкуства Н |
| 080 ## - УДК | |
| Текстов определител УДК | Други видове песни. - Естрада, джаз. Стари градски. Рок-и попмузика. Чалга(поп-фолк) |
| УДК код - определител по УДК | 784.7 |
| УДК определител | .071(410) |
| УДК - код + определител | 784.7.071(410) |
| 100 1# - Редна дума - Автор | |
| Автор | Браун, Джейк |
| Авторска отговорност | първи автор |
| R(LIN) | 338054 |
| 139 ## - Редно поле | |
| Редна дума | Браун, Джейк и др. |
| Авторски знак | Брат - Б 78 |
| 245 10 - Сведения за заглавието | |
| Заглавие | [Моторхед] Motorhead в студиото |
| Редно поле (дума) | Джейк Браун; съавт. Леми Килмистър; прев. от англ. Елена Щерева. |
| 257 ## - Страна на издаване | |
| Страна на създаване/издаване | Великобритания |
| 260 ## - Област на издателските данни | |
| -- | София |
| Име на издателя, разпространителя и проч. | Addix |
| Година на издаване | 2012 |
| Печатница | Костинброд : Мултипринт |
| 300 ## - Физическа характеристика | |
| Страници | 208 с. |
| Илюстрации и др. | с ил., 4 л. ил. |
| Размери/Мащаб | 24 см |
| 380 ## - Жанр | |
| Жанр | Изкуство |
| 500 ## - Общи забележки | |
| Забележка | Ориг. загл.: Motorhead: In the Studio / Jake Brown, Lemmy Kilmister |
| 650 #4 - Допълнително описание по предмет – тема | |
| Основно описание – тема или топоним | Рокмузика - история |
| 9 (RLIN) | 243582 |
| 650 #4 - Допълнително описание по предмет – тема | |
| Основно описание – тема или топоним | Рокмузика, английска |
| 9 (RLIN) | 270444 |
| 651 #4 - Допълнително описание по предмет - топоним | |
| Географско понятие | Великобритания |
| 9 (RLIN) | 178698 |
| 653 ## - Ключова дума – ненормативна | |
| Ключова дума | история на музиката |
| 653 ## - Ключова дума – ненормативна | |
| Ключова дума | рокмузика |
| 653 ## - Ключова дума – ненормативна | |
| Ключова дума | рокизпълнители |
| 653 ## - Ключова дума – ненормативна | |
| Ключова дума | Моторхед |
| 659 ## - Тематичен бюлетин | |
| Тематичен бюлетин | Н |
| 700 1# - Други автори (авторска отговорност) | |
| Лично име | Килмистър, Леми |
| Автороска отговорност (Описва отношението между автора и произведението) | съавт. |
| 9 (RLIN) | 78597 |
| 700 1# - Други автори (авторска отговорност) | |
| Лично име | Щерева, Елена |
| Автороска отговорност (Описва отношението между автора и произведението) | прев. от англ. |
| 9 (RLIN) | 382544 |
| 852 ## - Местоположение | |
| Форматна сигнатура | Цб 274766 |
| 856 4# - Електронен адрес и достъп | |
| Електронен формат | pdf - файл |
| Път до файла /url/ | |
| 856 4# - Електронен адрес и достъп | |
| Електронен формат | pdf - файл |
| Път до файла /url/ | |
| 942 ## - АРТИКУЛИ | |
| Вид на библиотечния материал | Книги |
| Скрит в OPAC | Не |
| 944 ## - СЪЗДАВАНЕ И РЕДАКЦИЯ на ЗАПИСА | |
| Създаване/Редакция | Създаване |
| Дата на регистрацията/редакция | 19.06.2015 |
| Служител, извършил регистрацията/редакцията | Виолета_Тройчева |
| 944 ## - СЪЗДАВАНЕ И РЕДАКЦИЯ на ЗАПИСА | |
| Създаване/Редакция | Редакция |
| Дата на регистрацията/редакция | 28.10.2015 |
| Служител, извършил регистрацията/редакцията | Наталия_Медовщикова |
| 999 ## - СИСТЕМНИ КОНТРОЛНИ НОМЕРА | |
| Koha biblionumber | 168934 |
| Koha biblioitemnumber | 168934 |
| Код за отписване | Код за изгубен артикул | Код за повреда | Коз за рестрикции | Код за отдаване | Артикулен № | Име на библиотеката - собственик | Име на библиотеката, в която се намира в момента | Статус (Текущо местоположение) | Дата на вписване в системата | Местоположение - отдел | Цена в лева | Инвентарен номер | Систематично азбучна сигнатура | Баркод | Номер на екземпляра | Цена в евро | Служебна бележка | Служебен тип на артикула |
|---|---|---|---|---|---|---|---|---|---|---|---|---|---|---|---|---|---|---|
| Не е изгубен | Не е повреден | без рестрикции | ползва се в читалня | 285568 | Регионална библиотека "Любен Каравелов" Русе | Регионална библиотека "Любен Каравелов" Русе | Хранилище | 2015-06-26 | Хранилище | 19.90 | 120000789085 | Цб 274766 | 120000789085 | 1 | 10.17 | Дост: Dp Вид: Д N: 3 Дата: 12.01.2015 | Книги |